000 00308nam a2200133Ia 4500
100 _aFlinn/E.A/ Hill/ A.E
942 _cBK
654 _aGetting More
245 _aGetting More From Your PET/CBM
260 _bSigma Techanical Press.
_aCheshire
_c1982
082 _a1.6
300 _a198
546 _aENGLISH
999 _c31171
_d31171